000 00724nam a2200193Ia 4500
008 160105s9999 xx 000 0 und d
020 _a2-85340-812-4
041 _afre
245 _aLe petit Larousse illustré
260 _aParis
260 _bLarousse
260 _c1996
490 _aDictionnaire encyclopédique
500 _aCotes d'origine affectées par la BC : BC_647 80/B devient TA_4582 , BC_647 80/D devient BO_038 PET et BC : BC_647 80/E devient SS_038 LAR , C versé en Phytotechnie, F versé au Génie Rural (F : perdu au Génie rural), Cotes d'origine affectées par la BC : BC_647 80/C devient AG_038 LA
654 _xDICTIONNAIRE/FRANCAIS
942 _c09
994 _a105764
999 _c5710
_d33708